000 00567nam a22002177a 4500
003 UA-OsUOA
001 87156
007 ta
008 20120914b un ||||| |||| 00| 0 ukr d
090 _a821.161.2
_bМ 16
942 _cBK
040 _aUA-OsUOA
_bukr
_cUA-OsUOA
_dUA-OsUOA
245 _aМаковей Осип: Вибрані твори
300 _a261 с.
955 _a3
041 _aukr
080 _a821.161.2
260 _aК.
_bДніпро
_c1979
650 7 _a82 Література. Літературознавство
_2UDC
999 _c373438
_d373438